| 000 | 00567nam a2200157 a 4500 | ||
|---|---|---|---|
| 008 | 120416s0000 ||||||||||||||||| || u | ||
| 020 | _a0521467470 | ||
| 050 | _aQ 172.5.C45 Mac | ||
| 100 | _aMcCauley, Joseph L | ||
| 245 | 1 | 0 | _aChaos, dynamics and fractals |
| 246 | _aan algorithmic approach to deterministic chaos | ||
| 260 |
_aCambridge _bUP _c1993 |
||
| 300 | _axxi, 323p. : ill. | ||
| 350 | _a0.00 | ||
| 995 |
_D0.00 _FCBU-MAIN LIBRARY (Kitwe) _H1 _I50.00 _M1 _UAVAILABLE _ZAnnex Low-Usage Collection |
||
| 999 |
_c37100 _d37100 |
||